000 00518nam a22001697a 4500
005 20231114134046.0
008 231114b |||||||| |||| 00| 0 eng d
020 _a409056146
041 _aAfrikaans
082 _a344.5 SNY
100 _aSnyman, CR
_lAfrikaans
245 _aMisdade Betreffende Afhanklikheidsvormende Medisyne /
_cCR Snyman
260 _aDurban :
_bButterworths,
_c1974
300 _bxv, 284 pages ;
_c23 cm.
650 _aLegal practice
_bLaw
942 _cBK
_6ALISON_BN_VRIES
999 _c634
_d634